LEADER 01150nam--2200385---4500 001 990000831680203316 005 20061122132616.0 010 $a0-06-083041-7 035 $a0083168 035 $aUSA010083168 035 $a(ALEPH)000083168USA01 035 $a0083168 100 $a20020102d1970----km-y0ENGy0103----ba 101 $aeng 102 $aUS 200 1 $aGreat short works of Jack London$fedited and with an introduction by Earle Labor 210 $aNew York$cHarper & Row$dc1970 215 $aXXVII, 379 p.$d18 cm 225 2 $aPerennial library 410 $12001$aPerennial library 676 $a813.52 700 1$aLONDON,$bJack$0193071 702 1$aLABOR,$bEarle 801 0$aIT$bsalbc$gISBD 912 $a990000831680203316 951 $aVII.4.A. 481(II i B 1300)$b112309 LM$cII i B 959 $aBK 969 $aUMA 979 $aPATTY$b90$c20020102$lUSA01$h1517 979 $c20020403$lUSA01$h1729 979 $aPATRY$b90$c20040406$lUSA01$h1657 979 $aCOPAT5$b90$c20050630$lUSA01$h1209 979 $aCOPAT5$b90$c20061122$lUSA01$h1326 996 $aGreat short works of Jack London$9967452 997 $aUNISA LEADER 01201nam--2200361---450- 001 990005869640203316 005 20130709122606.0 035 $a000586964 035 $aUSA01000586964 035 $a(ALEPH)000586964USA01 035 $a000586964 100 $a20130709d1983----km-y0itay50------ba 101 $aita 102 $aIT 105 $a||||||||001yy 200 1 $a<> ristrutturazione$ela programmazione neurolinguistica e la trasformazione del significato$fRichard Bandler, John Grinder 210 $aRoma$cAstrolabio$d1983 215 $a213 p.$d22 cm 225 2 $aPsiche e coscienza 410 0$12001$aPsiche e coscienza 454 1$12001$aReframing : neuro-linguistic programming and transformation of meaning$921684 606 0 $aLinguaggio$xNeuroscienze$2BNCF 676 $a612.82336 700 1$aBANDLER,$bRichard$0144717 701 1$aGRINDER,$bJohn$0144718 801 0$aIT$bsalbc$gISBD 912 $a990005869640203316 951 $aII.3. 3812$b241344 L.M.$cII.3.$d00341911 959 $aBK 969 $aUMA 979 $aIANNONE$b90$c20130709$lUSA01$h1226 996 $aReframing : neuro-linguistic programming and transformation of meaning$921684 997 $aUNISA